01336nam a2200337 i 4500001000300000003000900003005001700012008003900029015001700068020001500085035002100100040003500121041000800156080001500164080001500179080000900194245013600203260007700339300005500416380001700471500011100488504002600599650003300625650004600658658001300704655002900717700003300746710007900779700004200858856009800900bgKOSZ 00520200408082520.0030305s2002 pl a f |100 0 pol aPB 2003/4943 a8370964591 a(OCoLC)830417513 aWA NcKOSZ 005/HRdKOSZ 005/HR0 apol a502.5(438) a574.9(438) a(06)00aWyspy środowiskowe :bbioróżnorodność i próby typologii /cJózef Banaszak (red.) ; [aut. Lucyna Andrzejewska et al.]. aBydgoszcz :bWydaw. Akademii Bydgoskiej im. Kazimierza Wielkiego,c2002. a302 s., [8] s. tabl. kolor. :bil., mapy ;c25 cm. aKsiążki. aNazwy aut. na s. 7-8. Materiały spotkania nauk., Lubostroń pod Bydgoszczą, 15-17 października 2001. aBibliogr. przy rozdz. 4aKrajobrazxekologiazPolska. 4aRóżnorodność biologicznazPolska. aBiologia 4aMateriały konferencyjne1 aAndrzejewska, Lucyna.eAutor2 aAkademia Bydgoska im. Kazimierza Wielkiego.bWydawnictwo Uczelniane.4pbl.1 aBanaszak, Józefd(1947- )eRedakcja uhttp://koha.tu.koszalin.pl/cgi-bin/koha/opac-detail.pl?biblionumber=46036yKatalog online BPK